Vybrané aspekty pohybovej činnosti obyvateľov SR zborník výstupov z vedeckého projektu č. 1/7453/20

Bibliographic Details
Other Authors: Pavlíková, Anna (Compiler)
Format: Book
Language:Slovak
PhysicalDescription:78 s. grafy, tab. 30 cm
Published: Bratislava Univerzita Komenského Slovenská vedecká spoločnosť pre telesnú výchovu a šport 2002
ISBN:8089075088
Edition:[1. vyd.]
Subjects:

MARC

LEADER 00000cam a2200000 a 4500
001 vtls001460160
003 SK-MaSNL
005 20260425235009.0
008 240226s2002 xo a fr 000 0 slo
015 |a SNBA2004/01-00578 
020 |a 8089075088 
035 |a SNK000415467 
035 |a urn:nbn:sk:snk-amjr08 
035 |a urn:nbn:sk:snk:ar-a0ci0b 
035 |a 970b759b-da37-4d28-8ff7-954e86b549f6 
040 |a SNK  |b slo  |c SNK  |e AACR2 
041 0 |a slo 
043 |a e-xo--- 
044 |a xo  |c SK 
072 7 |a 613  |x Hygiena. Ľudské zdravie  |2 konspekt 
072 7 |a 796  |x Šport. Hry. Telesné cvičenia  |2 konspekt 
080 |a 796.012.21  |2 1997 
080 |a (437.6)  |2 1997 
080 |a (082)  |2 1997 
080 |a 613.71/.73  |2 1997 
080 |a 796/799  |2 1997 
245 0 0 |a Vybrané aspekty pohybovej činnosti obyvateľov SR  |b zborník výstupov z vedeckého projektu č. 1/7453/20  |c kolektív ; [zostavila Anna Pavlíková] 
250 |a [1. vyd.] 
260 |a Bratislava  |b Univerzita Komenského  |b Slovenská vedecká spoločnosť pre telesnú výchovu a šport  |c 2002 
300 |a 78 s.  |b grafy, tab.  |c 30 cm 
500 |a Obalový názov 
504 |a Bibliogr. odkazy 
650 0 7 |a pohybová aktivita  |2 SNKPH  |9 3607 
650 0 7 |a telesná výchova  |2 SNKPH  |9 708 
650 0 7 |a šport  |2 SNKPH  |9 1042 
651 7 |a Slovensko  |2 SNKPH  |9 14231 
655 7 |a zborníky  |2 SNKPH  |9 70165 
655 7 |a issue_zb  |2 SNK  |9 276493 
700 1 |a Pavlíková, Anna  |4 com  |9 7912 
919 |a 80-89075-08-8 
954 |a odborná, vedecká literatúra pôvodná (slovenská)  |2 lita 
958 |a ART 
958 |a OND 
968 |d 793/796 
999 |c 816319  |d 818249 
952 |t P60, <03>, [BOOK], {603}  |a SNK  |b SNK  |y PREZ  |7 0  |p 17A0398555  |o snkSB 67289  |i snkKSP 12141/2003  |0 0  |1 0  |4 0  |d 2003-09-18  |f 1  |l 0  |r 2025-04-16 00:00:00  |w 2026-02-24 
952 |t P60, <04>, [BOOK], {604}, -W-  |a SNK  |b SNK  |y VYP  |7 0  |p 17A0450301  |o snkSB 67289 D1  |i snkKSP 14433/2004  |0 0  |1 0  |4 0  |d 2004-11-09  |l 0  |r 2005-01-02 00:00:00  |w 2026-02-24